000 00661nam a2200277Ia 4500
005 20260324114956.0
008 008 260324s9999 xx 000 0 eng d
020 _a9780429272370
037 _aEBOOK
040 _aCRL
040 _beng
040 _cCRL
041 _2eng
041 _aeng
084 _qCRL
100 _aThomas A. Cook
_91152889
245 0 _aMastering Global Business Development and Sales Management
260 _bTaylor and Francis
260 _c2020
365 _a
365 _b120
856 _uhttp://www.taylorfrancis.com/books/9780429272370
942 _cEBOOK
999 _c1743410
_d1743410